MARC details
| 000 -LEADER |
| fixed length control field |
03013cas a2200577 a 4500 |
| 001 - CONTROL NUMBER |
| control field |
13886681 |
| 003 - CONTROL NUMBER IDENTIFIER |
| control field |
OSt |
| 005 - DATE AND TIME OF LATEST TRANSACTION |
| control field |
20220118101536.0 |
| 007 - PHYSICAL DESCRIPTION FIXED FIELD--GENERAL INFORMATION |
| fixed length control field |
t| |
| 008 - FIXED-LENGTH DATA ELEMENTS--GENERAL INFORMATION |
| fixed length control field |
970121c19959999flu x 0 a0eng c |
| 010 ## - LIBRARY OF CONGRESS CONTROL NUMBER |
| LC control number |
sn 97003376 |
| Canceled/invalid LC control number |
94073044 |
| -- |
2001265777 |
| -- |
2002725576 |
| 020 ## - INTERNATIONAL STANDARD BOOK NUMBER |
| International Standard Book Number |
9781581949179 |
| 022 0# - INTERNATIONAL STANDARD SERIAL NUMBER |
| International Standard Serial Number |
1092-4159 |
| ISSN-L |
1092-4159 |
| Source |
1 |
| 035 ## - SYSTEM CONTROL NUMBER |
| System control number |
(OCoLC)ocm36232613 |
| 037 ## - SOURCE OF ACQUISITION |
| Source of stock number/acquisition |
Gleim Publications, 4201 NW 95th Blvd., Gainesville, FL 32604 |
| 040 ## - CATALOGING SOURCE |
| Original cataloging agency |
NSDP |
| Language of cataloging |
eng |
| Transcribing agency |
NSDP |
| Modifying agency |
DLC |
| -- |
OCoLC |
| -- |
InU |
| -- |
OCoLC |
| -- |
OCLCF |
| -- |
OCLCO |
| -- |
OCoLC |
| 042 ## - AUTHENTICATION CODE |
| Authentication code |
nsdp |
| -- |
pcc |
| 050 00 - LIBRARY OF CONGRESS CALL NUMBER |
| Classification number |
HF5667.A83 |
| 082 10 - DEWEY DECIMAL CLASSIFICATION NUMBER |
| Classification number |
657 |
| Edition number |
12 |
| 100 ## - MAIN ENTRY--PERSONAL NAME |
| Fuller form of name |
Gleim, Irvin N. |
| 210 0# - ABBREVIATED TITLE |
| Abbreviated title |
Audit. syst. |
| 222 #0 - KEY TITLE |
| Key title |
Auditing & systems |
| 245 00 - TITLE STATEMENT |
| Title |
Auditing & systems: exam questions and explanations. / |
| Statement of responsibility, etc. |
Irvin N. Gleim, William A. Hillison |
| 246 3# - VARYING FORM OF TITLE |
| Title proper/short title |
Auditing and systems |
| 250 ## - EDITION STATEMENT |
| Edition statement |
17th ed. |
| 260 ## - PUBLICATION, DISTRIBUTION, ETC. |
| Place of publication, distribution, etc. |
Gainesville, FL: |
| Name of publisher, distributor, etc. |
Gleim Publications, |
| Date of publication, distribution, etc. |
2011. |
| 300 ## - PHYSICAL DESCRIPTION |
| Extent |
1 vol. ; |
| Dimensions |
28 cm. |
| 310 ## - CURRENT PUBLICATION FREQUENCY |
| Current publication frequency |
Irregular |
| 490 1# - SERIES STATEMENT |
| Series statement |
1995-1997: The Gleim series |
| 490 1# - SERIES STATEMENT |
| Series statement |
1998- : Gleim knowledge transfer systems |
| 500 ## - GENERAL NOTE |
| General note |
Other title information varies. |
| 505 ## - FORMATTED CONTENTS NOTE |
| Formatted contents note |
Contents: Engagement responsibilities -- Professional responsibilities -- Risk assessment -- Strategic planning issues -- Internal control concepts and information technology -- Internal control - sales-receivables-cash receipts cycle -- Internal control - purchases, payroll and other cycles -- Responses to assessed risks -- Internal control communications and reports -- Evidence - objectives and nature -- Evidence - the sales-receivables-cash cycle -- Evidence - The Purchases-payables-inventory cycle -- Other assets, liabilities and equities -- Key considerations -- Sampling -- Opinions and disclaimers -- Other modifications -- Review, compilation and special reports -- Related reporting topics -- Governmental audits -- Internal auditing -- Information systems -- |
| 530 ## - ADDITIONAL PHYSICAL FORM AVAILABLE NOTE |
| Additional physical form available note |
Also issued on the Internet. |
| 580 ## - LINKING ENTRY COMPLEXITY NOTE |
| Linking entry complexity note |
Continues: Auditing & EDP : objective questions and explanations / Irvin N. Gleim. |
| 588 ## - SOURCE OF DESCRIPTION NOTE |
| Source of description note |
Latest issue consulted: 11th ed., copyrighted 2003. |
| 650 #0 - SUBJECT ADDED ENTRY--TOPICAL TERM |
| Topical term or geographic name entry element |
Auditing |
| General subdivision |
Data processing |
| Form subdivision |
Examinations, questions, etc. |
| -- |
Periodicals. |
| 650 #0 - SUBJECT ADDED ENTRY--TOPICAL TERM |
| Topical term or geographic name entry element |
Auditing |
| Form subdivision |
Examinations, questions, etc. |
| -- |
Periodicals. |
| 650 #7 - SUBJECT ADDED ENTRY--TOPICAL TERM |
| Topical term or geographic name entry element |
Auditing. |
| Source of heading or term |
fast |
| Authority record control number or standard number |
(OCoLC)fst00821166 |
| 650 #7 - SUBJECT ADDED ENTRY--TOPICAL TERM |
| Topical term or geographic name entry element |
Auditing |
| General subdivision |
Data processing. |
| Source of heading or term |
fast |
| Authority record control number or standard number |
(OCoLC)fst00821171 |
| 655 #7 - INDEX TERM--GENRE/FORM |
| Genre/form data or focus term |
Examinations. |
| Source of term |
fast |
| Authority record control number or standard number |
(OCoLC)fst01423780 |
| 655 #7 - INDEX TERM--GENRE/FORM |
| Genre/form data or focus term |
Periodicals. |
| Source of term |
fast |
| Authority record control number or standard number |
(OCoLC)fst01411641 |
| 700 ## - ADDED ENTRY--PERSONAL NAME |
| Fuller form of name |
Hillison, William A. |
| 776 08 - ADDITIONAL PHYSICAL FORM ENTRY |
| Relationship information |
Online version: |
| Title |
Auditing & systems |
| Record control number |
(OCoLC)778518005 |
| 780 10 - PRECEDING ENTRY |
| Main entry heading |
Gleim, Irvin N. |
| Title |
Auditing & EDP |
| Record control number |
(DLC) 92074354 |
| -- |
(OCoLC)27372029 |
| 800 1# - SERIES ADDED ENTRY--PERSONAL NAME |
| Personal name |
Gleim, Irvin N. |
| Title of a work |
Gleim series. |
| 830 #0 - SERIES ADDED ENTRY--UNIFORM TITLE |
| Uniform title |
Gleim knowledge transfer systems. |
| 906 ## - LOCAL DATA ELEMENT F, LDF (RLIN) |
| a |
7 |
| b |
cbc |
| c |
serials |
| d |
2 |
| e |
ncip |
| f |
19 |
| g |
n-oclcserc |
| 942 ## - ADDED ENTRY ELEMENTS (KOHA) |
| Source of classification or shelving scheme |
Library of Congress Classification |
| Koha item type |
Books |